[Event "Loebau-Zittau KSK op"]
[Site "Leutersdorf"]
[Date "2004.02.15"]
[Round "7"]
[White "Schmacht, Martin"]
[Black "Osmanodja, Bilgin"]
[Result "0-1"]
[WhiteElo "1442"]
[BlackElo "1347"]
[PlyCount "70"]
[EventDate "2004.02.13"]
[EventType "swiss"]
[EventRounds "7"]
[EventCountry "GER"]
[SourceTitle "CBM 098 Extra"]
[Source "ChessBase"]
[SourceDate "2004.03.10"]
[SourceVersion "2"]
[SourceVersionDate "2004.03.10"]
[SourceQuality "1"]

1. e4 c5 2. Nf3 e6 3. d4 cxd4 4. Nxd4 a6 5. Nc3 Qc7 6. Bd3 Nc6 7. Nde2 Nf6 8. Bg5 Be7 9. 0-0 0-0 10. f4 Qb6+ 11. Kh1 Qxb2 12. Rb1 Qa3 13. Rf3 Qa5 14. Qe1 h6 15. Bh4 d5 16. e5 Nd7 17. Bxe7 Nxe7 18. Qh4 f6 19. Ng3 Nc6 20. Nh5 f5 21. Nxg7 Kxg7 22. Qh5 Rf7 23. Rg3+ Kf8 24. Qxh6+ Ke7 25. Qh4+ Ke8 26. Rg8+ Rf8 27. Qh5+ Kd8 28. Qh6 Rxg8 29. Qxe6 Re8 30. Qxf5 Qxc3 31. e6 Nf6 32. Rd1 Bxe6 33. Qg5 Rg8 34. Qh4 Kc7 35. f5 Bd7 0-1

[Event "Loebau-Zittau KSK op"]
[Site "Leutersdorf"]
[Date "2004.02.13"]
[Round "2"]
[White "Schaetz, Annika"]
[Black "Schmacht, Martin"]
[Result "1-0"]
[WhiteElo "1094"]
[BlackElo "1442"]
[PlyCount "74"]
[EventDate "2004.02.13"]
[EventType "swiss"]
[EventRounds "7"]
[EventCountry "GER"]
[SourceTitle "CBM 098 Extra"]
[Source "ChessBase"]
[SourceDate "2004.03.10"]
[SourceVersion "2"]
[SourceVersionDate "2004.03.10"]
[SourceQuality "1"]

1. e4 c5 2. Nf3 Nc6 3. d4 cxd4 4. Nxd4 Nf6 5. Nc3 d6 6. f3 g6 7. Be3 Bg7 8. Qd2 Bd7 9. 0-0-0 a6 10. g4 Rc8 11. h4 h5 12. gxh5 Nxh5 13. Be2 Na5 14. Rdg1 Nc4 15. Bxc4 Rxc4 16. Kb1 b5 17. Nb3 Qc7 18. Bd4 Bh6 19. Qg2 e5 20. Bf2 Be6 21. Rh2 b4 22. Ne2 Rxc2 23. Ng3 Nf4 24. Qf1 Bc4 25. Qd1 Bd3 26. Ka1 Rxb2 27. Qe1 Rb1+ 28. Qxb1 Bxb1 29. Kxb1 Nd3 30. h5 Qc3 31. Bb6 Bf4 32. Rc2 Qe1+ 33. Rxe1 Nxe1 34. Rc8+ Ke7 35. Rxh8 Bxg3 36. Bd8+ Kd7 37. h6 Nxf3 1-0